LDR 00992naa#a2200181#i#450# 001 RU\\bibl\126819 005 20260701160531.3 011 ## _a1815-588X 100 ## _a20260630b2026####ek#y0rusy0150####ca 102 ## _aRU 200 1# _aСравнительный анализ методов оценки начальных смещений призабойной области в условиях малопрочных полускальных грунтов _eЖурнальная статья 210 1# _aСанкт-Петербург _cФГБОУ ВО "Петербургский государственный университет путей сообщения Императора Александра I" _d2026 215 ## _a14 с. 608 ## _aЖурнальная статья _2local 675 ## _aГорные тоннели. 624.19.035.2 _z 700 #1 _aКавказский _gВладимир Николаевич 700 #1 _aЕрмонин _gЕвгений Алесеевич 856 4# _aitt-pgups.ru _u